BHATIA AND GRAIG'S APPLIED PHYSCHOLOGY AND MENTAL HYGIENE FOR NURSES (Record no. 216315)

MARC details
000 -LEADER
fixed length control field 00528nam a22001697a 4500
008 - FIXED-LENGTH DATA ELEMENTS--GENERAL INFORMATION
fixed length control field 251201b |||||||| |||| 00| 0 eng d
020 ## - INTERNATIONAL STANDARD BOOK NUMBER
International Standard Book Number 978-93-93330-58-1
050 ## - LIBRARY OF CONGRESS CALL NUMBER
Classification number RT 85 .B493 2023
100 ## - MAIN ENTRY--PERSONAL NAME
Personal name BHATIA B.D MED
245 ## - TITLE STATEMENT
Title BHATIA AND GRAIG'S APPLIED PHYSCHOLOGY AND MENTAL HYGIENE FOR NURSES
260 ## - PUBLICATION, DISTRIBUTION, ETC.
Place of publication, distribution, etc. INDIA
Name of publisher, distributor, etc. UNIVERSITIES PRESS
Date of publication, distribution, etc. 2023
300 ## - PHYSICAL DESCRIPTION
Extent X,307
500 ## - GENERAL NOTE
General note INCLUDES AN INDEX
650 ## - SUBJECT ADDED ENTRY
Topical term or geographic name entry element Mental health nursing -textbook Psychology ,applied-textbooks
942 ## - ADDED ENTRY ELEMENTS (KOHA)
Source of classification or shelving scheme Library of Congress Classification
Koha item type Long Loan Book
Holdings
Withdrawn status Lost status Source of classification or shelving scheme Damaged status Not for loan Collection Home library Current library Shelving location Date acquired Inventory number Total checkouts Full call number Barcode Date last seen Copy number Price effective from Koha item type
    Library of Congress Classification     Medicine Kisii University Library Kisii University Library On Display 12/01/2025 110251   RT 85 .B493 2023 000000020367 12/01/2025 C.1 12/01/2025 Long Loan Book
    Library of Congress Classification     Medicine Kisii University Library Kisii University Library On Display 12/01/2025 110252   RT 85 .B493 2023 000000020368 12/01/2025 C.2 12/01/2025 Long Loan Book
    Library of Congress Classification     Medicine Kisii University Library Kisii University Library On Display 12/01/2025 110253   RT 85 .B493 2023 000000020369 12/01/2025 C.3 12/01/2025 Long Loan Book
    Library of Congress Classification     Medicine Kisii University Library Kisii University Library On Display 12/01/2025 110254   RT 85 .B493 2023 000000020370 12/01/2025 C.4 12/01/2025 Long Loan Book